000 00276nam a22001097a 4500
008 170105b xxu||||| |||| 00| 0 eng d
020 _a9780323031462
041 _aeng
080 _23RD
_a618.2
245 _aGERONTOLOGIC NURSING
_cMEINER, S.E & LUECKENOTTE, A.G
942 _2udc
_cBK
999 _c2538
_d2538